Un soldado con los árabes / (Record no. 72705)

MARC details
000 -LEADER
campo de control de longitud fija 00641nam a2200205 i 4500
001 - NÚMERO DE CONTROL
campo de control 72705
003 - IDENTIFICADOR DE NÚMERO DE CONTROL
campo de control ES-MaACL
005 - FECHA Y HORA DE LA ÚLTIMA TRANSACCIÓN
campo de control 20251003200044.0
007 - CAMPO FIJO DE DESCRIPCIÓN FÍSICA--INFORMACIÓN GENERAL
campo de control de longitud fija t|
008 - DATOS DE LONGITUD FIJA--INFORMACIÓN GENERAL
campo de control de longitud fija 040902s1958 sp ||||1| spa d
100 1# - ENTRADA PRINCIPAL--NOMBRE DE PERSONA
Nombre de persona Glubb, John Bagot.
9 (RLIN) 57455
245 13 - MENCIÓN DEL TÍTULO
Título Un soldado con los árabes /
Mención de responsabilidad, etc. John Bagot Glubb ; [traducción y notas de Enrique Jarnés Bergua].
260 ## - PUBLICACIÓN, DISTRIBUCIÓN, ETC.
Lugar de publicación, distribución, etc. Madrid :
Nombre del editor, distribuidor, etc. Cid,
Fecha de publicación, distribución, etc. [1958] (
Fabricante Canales)
300 ## - DESCRIPCIÓN FÍSICA
Extensión 597 p. ;
Dimensiones 20 cm.
490 1# - MENCIÓN DE SERIE
Mención de serie Vértice ;
Designación de volumen o secuencia 4
700 1# - ENTRADA AGREGADA--NOMBRE PERSONAL
Nombre de persona Jarnés Bergua, Enrique,
Fechas asociadas al nombre 1919-1986
9 (RLIN) 66132
830 0# - PUNTO DE ACCESO ADICIONAL DE SERIE-TÍTULO UNIFORME
Título uniforme Vértice ;
Designación de volumen o secuencia 4
9 (RLIN) 182682
852 ## - LOCALIZACIÓN
Ubicación ES-MaACL
Número de control de estantería C-161156
Sublocalización o colección R.43936
Holdings
Estatus retirado Estado de pérdida Estado de daño No para préstamo Biblioteca de origen Biblioteca actual Ubicación en estantería Fecha de adquisición Fuente de adquisición Total de préstamos Signatura topográfica completa Código de barras Visto por última vez Precio de reemplazo Tipo de ítem Koha
        Biblioteca del Ateneo de Madrid Biblioteca del Ateneo de Madrid Ficheros 17/01/2008     C-161156 1076110 23/02/2023 23/02/2023 Libro impreso